Statistics for NBA Players Who: Were 280+ Pounds

Click here to take the quiz!

General Stats

  • This quiz has been taken 49 times
    (32 since last reset)
  • The average score is 6 of 39

Answer Stats

WeightYears PlayedPlayer% Correct
3251993-2011Shaquille O'Neal
97%
2892008-2015Glen Davis
57%
3102003-2011Yao Ming
57%
2842019-PresentZion Williamson
57%
3031994-2000Gheorghe Muresan
33%
2902016-PresentBoban Marjanovic
27%
3001999-2009Jerome James
23%
2801993-2004Oliver Miller
23%
2841999-2005Robert Traylor
23%
3112019-PresentTacko Fall
20%
2901999-2005Jahidi White
17%
2851992-2000Stanley Roberts
17%
2801996-2006Greg Ostertag
13%
2902014-PresentJusuf Nurkić
13%
3602015Sim Bhullar
10%
2892005-2018Al Jefferson
7%
2852006-2014Andrew Bynum
7%
2801997-2007Vitaly Potapenko
7%
2802007Andreas Glyniadakis
3%
2802005-2008David Harrison
3%
3002002-2013DeSagana Diop
3%
3082011-2014Dexter Pittman
3%
2952002-2013Eddy Curry
3%
3052011Garret Siler
3%
3152001Garth Joseph
3%
2801979-1984Geoff Crompton
3%
3052005-2006Ha Seung-Jin
3%
2851997-1998Horacio Llamas Grey
3%
2852001-2007Jake Tsakalidis
3%
2852007James Lang
3%
2852011-2017Kevin Seraphin
3%
2882008-2012Kyrylo Fesenko
3%
2902002-2004Mengke Bateer
3%
2802009-2010Nathan Jawai
3%
3072011-2016Nikola Pekovic
3%
3251997-1998Priest Lauderdale
3%
2802005-2007Rafael Araujo
3%
3301996-2000Thomas Hamilton
3%
2802000-2003Todd MacCulloch
3%

Score Distribution

Percentile by Number Answered

Percent of People with Each Score

Your Score History

You have not taken this quiz since the last reset